000 00282nam a2200109 a 4500
005 20201002044923.0
008 140403s1971 000 spa d
100 _aTwain, Mark
_971511
245 0 _aprincipe y mendigo.
260 _aMadrid -- Libra,
_c1971 -- 179 p.
999 _c43177
_d43177
040 _aDO-SdBNP